000 00743nam a2200265 i 4500
001 31887
003 BD-RjUL
005 20211209051749.0
008 140422s1978 maua b 001 0 eng
020 _a0316303739
035 _a(BD-RjUL)31975
040 _aDLC
_cDLC
_dDLC
_dBD-RjUL
_beng
041 _aeng
082 0 0 _a155.4
_bGAD 1978
100 1 _aGardner, Howard,
_d1943-
_997070
245 1 0 _aDevelopmental psychology :
_ban introduction /
_cHoward Gardner.
260 _aBoston :
_bLittle, Brown,
_cc1978.
300 _axxv, 612 p. :
_bill. ;
_c24 cm.
504 _aBibliography: p. 572-599.
504 _aIncludes indexes.
650 0 _aChild psychology.
_997071
942 _2ddc
_cBK
999 _c31887
_d31887